いらすとやの日本人のイラスト3 - Statistics

General Stats
  • This quiz has been taken 153 times
  • The average score is 6 of 20
Answer Stats
Picture Answer % Correct
正岡子規
78%
足利義満
65%
平賀源内
64%
小野小町
57%
空海
50%
石川五右衛門
47%
後醍醐天皇
41%
小林一茶
40%
最澄
35%
宮沢賢治
34%
中原中也
26%
親鸞
25%
法然
22%
安倍晴明
19%
菊池寛
16%
大村益次郎
14%
葛飾北斎
10%
吉田兼好
1%
国定忠治
1%
伊藤梅子
0%
No matching quizzes found
Score Distribution
Percent of People with Each Score
Percentile by Number Answered
Your Score History
You have not taken this quiz